000
00333nam a2200145Ia 4500
100
_a
Brindley/Ketin
250
_a
17
942
_c
RB
654
_a
radio
245
_a
Newness radio and electronics engineers pocker book
260
_b
Heinemann Newnes
_a
London
_c
1987
082
_a
1.644
_b
BRI
300
_a
201
546
_a
ENGLISH
999
_c
21505
_d
21505